Statistics for High School WW2 Multiple Choice - Totalitarianism

Click here to take the quiz!

General Stats

  • This quiz has been taken 44 times
  • The average score is 13 of 24

Answer Stats

QuestionAnswer% Correct
Which of the following countries was NOT totalitarian in the 1930s?China
86%
Which of the following does NOT describe the Stalin regime?Oligarchy
84%
Who led the Nationalist Forces in the Spanish Civil War?Francisco Franco
81%
Which of the following regimes is not typically totalitarian?Socialist
78%
What event precipitated Mussolini to be named leader of Italy?The March on Rome
78%
Who was the Emperor of Japan during World War II?Hirohito
76%
What German economic crisis unfolded in 1921 and 1923, a result of onerous reparation payments?Hyperinflation
73%
What American silent film actor was visiting that prime minister and was even a secondary target (he happened to be out when it unfolded)?Charlie Chaplin
65%
What percentage of seats did the Nazi Party win in the election of 1938?100%
59%
What type of "cult" idealizes the leader of a country, usually through propaganda?Cult of Personality
59%
Who painted "Guernica", a cubist/surrealist depiction of the city's damage from the Civil War?Picasso
54%
What was the outcome of Stalin's five-year plans on industrial output?Output dramatically increased
51%
Some Japanese military extremists, such as Sadao Araki, believed Japan should return to what type of traditional Japanese government?Shogunate
51%
What color of shirt did Mussolini's paramilitary thugs wear?Black
49%
What country's prime minister was assassinated by extremist naval officers on May 15, 1932?Japan
49%
What debunked, pseudoscientific theory influenced Nazi ideology?Social Darwinism
49%
Which of these is a fascio, the namesake of Fascism?
46%
What document gave Hitler virtually unfettered power in Germany shortly after that election?The Enabling Act
46%
What secret police organization dealt with the enemies of the Bolsheviks under Lenin?Cheka
41%
What percentage of seats did the Nazi Party win in the election of March, 1933?44.5%
35%
What role did Spain have in World War II?Spain was a testing ground for German military strategy
32%
Who won the Nobel Prize for solving the diplomatic and economic crises that Germany and Europe faced in 1924?Dawes
24%
What characteristic of fascist regimes is not necessarily present in other totalitarian regimes?Extreme Nationalism
24%
What global event spurred the Japanese military to invade Manchuria?Protectionist Tariffs
19%

Score Distribution

Percentile by Number Answered

Percent of People with Each Score

Your Score History

You have not taken this quiz